| 000 | 00502cam a22001571 4500 | ||
|---|---|---|---|
| 082 | 0 | 0 |
_a940.4 _bGEO _cD. |
| 100 | 2 |
_aLloyd George, David, _949260 |
|
| 245 | 1 | 0 | _aWar memoirs of David Lloyd George ... |
| 260 |
_aLondon, _bOdhams press limited _c[1942] |
||
| 300 |
_a2 v. _bfront., illus. (incl. maps, facsims.) plates, ports. _c22 cm. |
||
| 500 | _aPaged continuously. | ||
| 526 |
_a0 _b0 _c0 _d940_400000000000000_GEO |
||
| 650 | 0 |
_aMCE _9379 |
|
| 650 | 0 |
_aWorld War, 1914-1918. _928173 |
|
| 942 |
_2ddc _cBK |
||
| 999 |
_c552351 _d552351 |
||